[Event "NED-chT 0506 playoff"]
[Site "Enschede"]
[Date "2006.05.13"]
[Round "1.6"]
[White "Lautier, Joel"]
[Black "Ligterink, Gert"]
[Result "0-1"]
[WhiteElo "2682"]
[BlackElo "2418"]
[PlyCount "116"]
[EventDate "2006.05.13"]
[EventType "team-k.o."]
[EventRounds "2"]
[EventCountry "NED"]
[SourceTitle "EXT 2007"]
[Source "ChessBase"]
[SourceDate "2006.11.23"]
[SourceVersion "1"]
[SourceVersionDate "2006.11.23"]
[SourceQuality "1"]
[WhiteTeam "Breda Worx"]
[BlackTeam "Groningen Hotels"]
[WhiteTeamCountry "NED"]
[BlackTeamCountry "NED"]

1. d4 Nf6 2. c4 e6 3. Nf3 b6 4. g3 Ba6 5. Qb3 c5 6. d5 exd5 7. cxd5 g6 8. Bg2 d6 9. 0-0 Bg7 10. Qe3+ Qe7 11. Qxe7+ Kxe7 12. Nc3 Nbd7 13. a4 Ne8 14. Bg5+ Bf6 15. Bf4 Rd8 16. Ra3 Ne5 17. Bxe5 Bxe5 18. Nxe5 dxe5 19. Nb5 Bxb5 20. axb5 Nd6 21. Rxa7+ Rd7 22. Ra4 Nxb5 23. f4 exf4 24. Re4+ Kd8 25. Rexf4 f5 26. Ra4 Kc7 27. e4 fxe4 28. Bxe4 Re8 29. Bd3 Nd6 30. Rf6 Re5 31. Ra7+ Kd8 32. Rf8+ Ke7 33. Rxd7+ Kxd7 34. Rh8 Re7 35. Bf1 c4 36. Bh3+ Kc7 37. Be6 b5 38. Kf1 Kb6 39. Ke2 Kc5 40. Kd2 Kd4 41. Rb8 Rb7 42. Ra8 b4 43. Kc1 b3 44. g4 c3 45. Ra4+ Kd3 46. Ra6 c2 47. Rc6 Kd4 48. Rxd6 Ra7 49. Kd2 Ra1 50. Rc6 Rd1+ 51. Ke2 c1Q 52. Rxc1 Rxc1 53. d6 Rc6 54. Bxb3 Rxd6 55. Kf3 Ke5 56. Ke3 g5 57. Bf7 Rh6 58. Bh5 Rb6 0-1

[Event "NED-chT 0506"]
[Site "Netherlands"]
[Date "2006.02.04"]
[Round "6.7"]
[White "Wiersma, Eelke"]
[Black "Ligterink, Gert"]
[Result "1-0"]
[WhiteElo "2409"]
[BlackElo "2418"]
[PlyCount "61"]
[EventDate "2005.09.24"]
[EventType "team"]
[EventRounds "9"]
[EventCountry "NED"]
[SourceTitle "EXT 2007"]
[Source "ChessBase"]
[SourceDate "2006.11.23"]
[SourceVersion "1"]
[SourceVersionDate "2006.11.23"]
[SourceQuality "1"]
[WhiteTeam "Leiden LSG"]
[BlackTeam "Groningen Hotels"]
[WhiteTeamCountry "NED"]
[BlackTeamCountry "NED"]

1. e4 c5 2. Nf3 e6 3. d4 cxd4 4. Nxd4 Nc6 5. Nc3 d6 6. g4 Nge7 7. Nb3 a6 8. Be3 b5 9. f4 Bb7 10. Qd2 Na5 11. Nxa5 Qxa5 12. Bg2 b4 13. Ne2 Nc6 14. 0-0 Rd8 15. f5 exf5 16. exf5 d5 17. Nd4 Bd6 18. Nxc6 Bxc6 19. Bd4 0-0 20. f6 Rfe8 21. fxg7 Qc7 22. Rf5 Bxh2+ 23. Kh1 Be5 24. Qxb4 Bxd4 25. Qxd4 Re6 26. Raf1 Rde8 27. g5 R8e7 28. Rf6 Re4 29. Bxe4 Rxe4 30. Qf2 d4 31. Rxc6 1-0

[Event "NED-chT 0405 playoff"]
[Site "Enschede"]
[Date "2005.05.05"]
[Round "1.10"]
[White "Delemarre, Jop"]
[Black "Ligterink, Gert"]
[Result "0-1"]
[WhiteElo "2447"]
[BlackElo "2411"]
[PlyCount "80"]
[EventDate "2005.05.05"]
[EventType "team-k.o."]
[EventRounds "2"]
[EventCountry "NED"]
[SourceTitle "EXT 2006"]
[Source "ChessBase"]
[SourceDate "2005.11.24"]
[SourceVersion "1"]
[SourceVersionDate "2005.11.24"]
[SourceQuality "1"]
[WhiteTeam "Hilversum HSG"]
[BlackTeam "Groningen Hotels"]
[WhiteTeamCountry "NED"]
[BlackTeamCountry "NED"]

1. d4 Nf6 2. c4 e6 3. Nf3 b6 4. a3 Ba6 5. Qc2 Bb7 6. Nc3 c5 7. dxc5 bxc5 8. Bf4 Nh5 9. Bg5 Be7 10. Bxe7 Qxe7 11. e3 0-0 12. Be2 d5 13. 0-0 Nf6 14. Rfd1 Nbd7 15. Rac1 Rac8 16. cxd5 exd5 17. Qa4 a6 18. Bxa6 Ra8 19. Bxb7 Rxa4 20. Nxa4 Qe6 21. b4 cxb4 22. axb4 Rb8 23. Nd4 Qd6 24. Nc5 Ne5 25. Nf5 Qf8 26. Bxd5 g6 27. f4 Neg4 28. Nd6 Nxd5 29. Rxd5 Qh6 30. h3 Nxe3 31. Rd4 Qh4 32. Nde4 f5 33. Nd7 fxe4 34. Nxb8 Qg3 35. Rd2 Qxf4 36. Nd7 Ng4 37. Rc8+ Kg7 38. hxg4 Qxd2 39. Rc7 Kh6 40. Nf6 Qd4+ 0-1

[Event "Curacao 40th anniv op"]
[Site "Curacao"]
[Date "2002.11.23"]
[Round "5"]
[White "Ligterink, Gert"]
[Black "Gallegos, Carlos"]
[Result "1-0"]
[WhiteElo "2401"]
[BlackElo "2432"]
[PlyCount "65"]
[EventDate "2002.11.02"]
[EventType "swiss"]
[EventRounds "9"]
[EventCountry "AHO"]
[SourceTitle "CBM 091 Extra"]
[Source "ChessBase"]
[SourceDate "2003.01.09"]
[SourceVersion "1"]
[SourceVersionDate "2003.01.09"]
[SourceQuality "1"]

1. d4 d5 2. c4 c6 3. Nf3 Nf6 4. Nc3 a6 5. a4 Bf5 6. Qb3 Ra7 7. Bg5 e6 8. Bxf6 gxf6 9. e3 Qa5 10. c5 e5 11. Be2 Nd7 12. 0-0 Be6 13. Qc2 e4 14. Nh4 f5 15. f3 Qd8 16. fxe4 fxe4 17. g3 Qg5 18. Ng2 h5 19. Rf4 h4 20. Rxh4 Rxh4 21. gxh4 Qg6 22. Kh1 Bh6 23. Rg1 Qf5 24. Qd2 Ra8 25. Qe1 Ke7 26. Qg3 Rh8 27. Rf1 Qh7 28. Bg4 Bxg4 29. Qxg4 Rg8 30. Qh3 Qg6 31. Ne2 Nf6 32. Ng3 Bf8 33. Qc8 1-0

[Event "Curacao 40th anniv op"]
[Site "Curacao"]
[Date "2002.11.21"]
[Round "4"]
[White "Molander, Riku"]
[Black "Ligterink, Gert"]
[Result "0-1"]
[WhiteElo "2301"]
[BlackElo "2401"]
[PlyCount "58"]
[EventDate "2002.11.02"]
[EventType "swiss"]
[EventRounds "9"]
[EventCountry "AHO"]
[SourceTitle "CBM 091 Extra"]
[Source "ChessBase"]
[SourceDate "2003.01.09"]
[SourceVersion "1"]
[SourceVersionDate "2003.01.09"]
[SourceQuality "1"]

1. e4 c5 2. Nf3 e6 3. c3 d5 4. e5 Nc6 5. d4 Qb6 6. a3 Nh6 7. b4 cxd4 8. cxd4 Nf5 9. Bb2 Be7 10. Bd3 a5 11. Bxf5 exf5 12. Nc3 Be6 13. b5 a4 14. 0-0 Na5 15. Qxa4 0-0 16. Rfb1 Rfc8 17. Nd2 Bg5 18. Nf3 Be7 19. Nd2 Nc6 20. bxc6 Rxa4 21. cxb7 Qxb7 22. Nxa4 Rc2 23. Bc1 Qa7 24. Nc5 Bxc5 25. dxc5 Qxc5 26. a4 h6 27. Ba3 Qd4 28. Bb4 Bc8 29. Rc1 Ba6 0-1

[Event "Curacao 40th anniv op"]
[Site "Curacao"]
[Date "2002.11.20"]
[Round "3"]
[White "Ligterink, Gert"]
[Black "Timman, Jan H"]
[Result "0-1"]
[WhiteElo "2401"]
[BlackElo "2594"]
[PlyCount "78"]
[EventDate "2002.11.02"]
[EventType "swiss"]
[EventRounds "9"]
[EventCountry "AHO"]
[SourceTitle "CBM 091 Extra"]
[Source "ChessBase"]
[SourceDate "2003.01.09"]
[SourceVersion "1"]
[SourceVersionDate "2003.01.09"]
[SourceQuality "1"]

1. d4 Nf6 2. c4 e6 3. Nf3 b6 4. a3 Ba6 5. Qc2 Bb7 6. Nc3 c5 7. e4 cxd4 8. Nxd4 d6 9. g3 Nbd7 10. Bg2 Qc7 11. b3 a6 12. 0-0 Be7 13. a4 0-0 14. Bb2 Rfe8 15. Rfe1 Rac8 16. Rac1 Bf8 17. Qd1 Qb8 18. Nc2 Nc5 19. Nd4 g6 20. f3 Bg7 21. Rb1 h5 22. Bc1 h4 23. g4 Ncd7 24. Bg5 d5 25. Bxh4 dxc4 26. bxc4 Rxc4 27. Nde2 Qc8 28. Qb3 Nxg4 29. fxg4 Bxc3 30. Rbc1 Bxe1 31. Rxc4 Nc5 32. Qxb6 Bxh4 33. Qxc5 Qd8 34. Rd4 Be7 35. Qc2 Qb6 36. Kh1 Rc8 37. Qd1 Bf6 38. Rd7 Bc6 39. Rd3 Qb4 0-1

[Event "Staunton CC King´s Gambit theme"]
[Site "Groningen"]
[Date "2002.09.07"]
[Round "3"]
[White "Hoeksema, Hendrik Pieter"]
[Black "Ligterink, Gert"]
[Result "1/2-1/2"]
[WhiteElo "2366"]
[BlackElo "2389"]
[PlyCount "103"]
[EventDate "2002.09.??"]
[EventType "tourn"]
[EventRounds "6"]
[EventCountry "NED"]
[EventCategory "8"]
[SourceTitle "CBM 090 Extra"]
[Source "ChessBase"]
[SourceDate "2002.11.07"]
[SourceVersion "1"]
[SourceVersionDate "2002.11.07"]
[SourceQuality "1"]

1. e4 e5 2. f4 exf4 3. Nf3 g5 4. Bc4 Bg7 5. d4 d6 6. 0-0 h6 7. g3 Bh3 8. Rf2 Nc6 9. c3 Qd7 10. gxf4 gxf4 11. Bxf4 Nf6 12. Nbd2 0-0-0 13. Bg3 Nh5 14. Nh4 Nxg3 15. hxg3 Rdf8 16. Nf5 Bxf5 17. Rxf5 Ne7 18. Rxf7 Rxf7 19. Bxf7 Qh3 20. Nf1 Rf8 21. Qh5 Qxh5 22. Bxh5 c5 23. dxc5 dxc5 24. Ne3 Kc7 25. Rd1 Rd8 26. Rf1 Rf8 27. Bf7 Nc6 28. Bd5 Rxf1+ 29. Kxf1 Ne5 30. Nf5 Bf8 31. Ke2 b6 32. b3 Ng6 33. Kf3 Ne7 34. Ne3 Bg7 35. c4 Bd4 36. Ng2 Ng6 37. Kg4 Bg7 38. Nf4 Ne5+ 39. Kf5 Kd6 40. Ne6 Bh8 41. Nf4 Bg7 42. Nh5 Bh8 43. Nf6 Nd3 44. Kg6 Ne5+ 45. Kf5 Nd3 46. Ng8 Be5 47. g4 Bf4 48. Kg6 Ne5+ 49. Kh5 Bg5 50. Bb7 Kc7 51. Bd5 Kd6 52. Bb7 1/2-1/2

[Event "Donner Memorial rap"]
[Site "The Hague"]
[Date "2002.04.14"]
[Round "2"]
[White "Sosonko, Gennadi"]
[Black "Ligterink, Gert"]
[Result "1/2-1/2"]
[WhiteElo "2518"]
[BlackElo "2391"]
[PlyCount "76"]
[EventDate "2002.04.14"]
[EventType "tourn (rapid)"]
[EventRounds "5"]
[EventCountry "NED"]
[EventCategory "6"]
[SourceTitle "CBM 087 Extra"]
[Source "ChessBase"]
[SourceDate "2002.05.03"]
[SourceVersion "2"]
[SourceVersionDate "2002.08.09"]
[SourceQuality "1"]

1. d4 Nf6 2. Nf3 e6 3. g3 b6 4. Bg2 Bb7 5. c4 Be7 6. 0-0 0-0 7. d5 exd5 8. Nh4 c6 9. cxd5 Nxd5 10. Nf5 Nc7 11. e4 d5 12. Re1 Ne6 13. exd5 cxd5 14. Nc3 Bb4 15. Qg4 Bxc3 16. bxc3 Qf6 17. Ba3 Nc5 18. Bxc5 bxc5 19. Ne7+ Kh8 20. Rab1 Bc6 21. Nxd5 Bxd5 22. Bxd5 Nc6 23. Qf4 Rac8 24. Qxf6 gxf6 25. Rb7 Ne5 26. f4 Nd3 27. Ree7 Rce8 28. Bxf7 Rxe7 29. Rxe7 Rb8 30. Rxa7 Rb2 31. a4 Rd2 32. c4 Nf2 33. a5 Ng4 34. a6 f5 35. Ra8+ Kg7 36. a7 Rd1+ 37. Kg2 Rd2+ 38. Kg1 Rd1+ 1/2-1/2

[Event "Oberliga NRW 0001 II"]
[Site "NRW"]
[Date "2000.12.10"]
[Round "4.8"]
[White "Ligterink, Gert"]
[Black "Rohde, Ulrich"]
[Result "1/2-1/2"]
[WhiteElo "2391"]
[BlackElo "2266"]
[PlyCount "119"]
[EventDate "2000.09.24"]
[EventType "team"]
[EventRounds "9"]
[EventCountry "GER"]
[SourceTitle "EXT 2006"]
[Source "ChessBase"]
[SourceDate "2005.11.24"]
[SourceVersion "1"]
[SourceVersionDate "2005.11.24"]
[SourceQuality "1"]
[WhiteTeam "Brackel"]
[BlackTeam "Lohmar"]
[WhiteTeamCountry "GER"]
[BlackTeamCountry "GER"]

1. d4 Nf6 2. c4 e6 3. Nf3 Bb4+ 4. Bd2 Qe7 5. g3 Nc6 6. Bg2 Bxd2+ 7. Nbxd2 d6 8. 0-0 a5 9. e4 e5 10. d5 Nb8 11. Qb3 0-0 12. Ne1 Na6 13. Nd3 c6 14. Qa3 Qc7 15. Rac1 Nd7 16. Nb3 b6 17. dxc6 Ndb8 18. Na1 Nxc6 19. Nc2 Bb7 20. Rcd1 Nc5 21. Nc1 Rfd8 22. Ne2 Ba6 23. Ne3 b5 24. cxb5 Bxb5 25. Rfe1 Bxe2 26. Rxe2 Nd4 27. Red2 Qb7 28. Nd5 Nce6 29. h4 Nc7 30. Ne3 Ncb5 31. Qc3 a4 32. h5 h6 33. Nd5 Rac8 34. Qe3 Kf8 35. f4 Qa7 36. Kh1 Rc5 37. Rf1 Qd7 38. fxe5 dxe5 39. Rdf2 Ne6 40. Bh3 Rc6 41. Qf3 Nd6 42. Qg4 Nc5 43. Qh4 Qe8 44. Bf5 Rb8 45. Qg4 Qd8 46. Be6 Rb7 47. Qg6 Nxe6 48. Qxe6 Qe8 49. Qg4 Qc8 50. Qh4 Rc4 51. Re2 Nxe4 52. Rxe4 Rxe4 53. Qxe4 Qh3+ 54. Kg1 Rxb2 55. Rxf7+ Kxf7 56. Qg6+ Kf8 57. Qd6+ Kg8 58. Qd8+ Kh7 59. Nf6+ gxf6 60. Qe7+ 1/2-1/2

[Event "Haarlem AKN op 09th"]
[Site "Haarlem"]
[Date "2000.06.30"]
[Round "1"]
[White "Pilgrim, Peter"]
[Black "Ligterink, Gert"]
[Result "0-1"]
[WhiteElo "2205"]
[BlackElo "2391"]
[PlyCount "42"]
[EventDate "2000.06.30"]
[EventType "swiss"]
[EventRounds "6"]
[EventCountry "NED"]
[SourceTitle "EXT 2001"]
[Source "ChessBase"]
[SourceDate "2000.11.22"]
[SourceVersion "1"]
[SourceVersionDate "2000.11.22"]
[SourceQuality "1"]

1. Nf3 Nf6 2. b3 g6 3. Bb2 Bg7 4. g3 0-0 5. Bg2 d6 6. d4 e5 7. c4 e4 8. Ng5 e3 9. f3 Nc6 10. Nh3 Bf5 11. Na3 h5 12. Nc2 Re8 13. d5 Ne5 14. Nd4 Bd7 15. Nf4 c5 16. dxc6 Qa5+ 17. Kf1 bxc6 18. Bh3 Bxh3+ 19. Nxh3 c5 20. f4 cxd4 21. fxe5 dxe5 0-1

[Event "NED-chT 9900"]
[Site "Netherlands"]
[Date "2000.02.06"]
[Round "2"]
[White "Ligterink, Gert"]
[Black "Rogers, Ian"]
[Result "1-0"]
[WhiteElo "2391"]
[BlackElo "2562"]
[PlyCount "79"]
[EventDate "2000.02.05"]
[EventType "team-tourn"]
[EventRounds "9"]
[EventCountry "NED"]
[SourceTitle "CBM 074 Extra"]
[Source "ChessBase"]
[SourceDate "2000.03.10"]
[SourceVersion "2"]
[SourceVersionDate "2000.03.10"]
[SourceQuality "1"]
[WhiteTeam "Groningen"]
[BlackTeam "Hilversum HSG"]
[WhiteTeamCountry "NED"]
[BlackTeamCountry "NED"]

1. d4 d6 2. e4 e5 3. Nf3 Nd7 4. Bc4 c6 5. 0-0 Be7 6. dxe5 dxe5 7. Ng5 Bxg5 8. Qh5 Qf6 9. Bxg5 Qg6 10. Qxg6 hxg6 11. Be3 Nh6 12. f3 f6 13. a4 Nf8 14. a5 Ne6 15. Na3 Nf7 16. Rfd1 Ke7 17. b4 Rd8 18. Rxd8 Nfxd8 19. c3 g5 20. Kf2 Nf7 21. Bb3 g6 22. Nc4 Nd6 23. Nxd6 Kxd6 24. Rh1 g4 25. fxg4 Ng5 26. Rd1+ Ke7 27. Bc5+ Ke8 28. Ke3 Bxg4 29. Rd6 b6 30. Rxf6 bxc5 31. Rxg6 Nh7 32. Rxg4 cxb4 33. cxb4 Rb8 34. Rg7 Nf6 35. Rxa7 Rxb4 36. Bc2 Rb2 37. Kd3 Nxe4 38. Kxe4 Rxc2 39. a6 Ra2 40. h4 1-0

[Event "Ruhrgebiet VL2 9900"]
[Site "Ruhrgebiet"]
[Date "1999.09.19"]
[Round "1"]
[White "Ligterink, Gert"]
[Black "Thiel, Thomas"]
[Result "1-0"]
[WhiteElo "2404"]
[BlackElo "2311"]
[PlyCount "37"]
[EventDate "1999.09.19"]
[EventType "team-tourn"]
[EventRounds "9"]
[EventCountry "GER"]
[SourceTitle "EXT 2001"]
[Source "ChessBase"]
[SourceDate "2000.11.22"]
[SourceVersion "1"]
[SourceVersionDate "2000.11.22"]
[SourceQuality "1"]

1. d4 d5 2. c4 e5 3. dxe5 d4 4. Nf3 Nc6 5. g3 Nge7 6. Bg2 Ng6 7. Bf4 f6 8. exf6 Nxf4 9. f7+ Kxf7 10. gxf4 Qf6 11. 0-0 h6 12. e3 Bc5 13. exd4 Nxd4 14. Ne5+ Kf8 15. b4 Ne6 16. bxc5 Nxf4 17. Re1 Qg5 18. Qf3 Bh3 19. Qxf4+ 1-0

[Event "VAM Hoogeveen op"]
[Site "Hoogeveen"]
[Date "1998.10.20"]
[Round "5"]
[White "Ligterink, Gert"]
[Black "Hofman, Ron"]
[Result "1-0"]
[WhiteElo "2425"]
[BlackElo "2195"]
[PlyCount "81"]
[EventDate "1998.09.??"]
[EventType "swiss"]
[EventRounds "9"]
[EventCountry "NED"]
[SourceTitle "EXT 1999"]
[Source "ChessBase"]
[SourceDate "1998.11.16"]
[SourceVersion "1"]
[SourceVersionDate "1998.11.16"]
[SourceQuality "1"]

1. d4 d5 2. c4 e6 3. Nf3 c5 4. cxd5 exd5 5. g3 Nc6 6. Bg2 Nf6 7. 0-0 Be7 8. Nc3 0-0 9. Be3 c4 10. Ne5 h6 11. b3 Qa5 12. Bd2 Bb4 13. Nxc6 bxc6 14. Qc2 Ba6 15. Rfe1 Rfe8 16. bxc4 Bxc4 17. a3 Bxc3 18. Bxc3 Qa6 19. e3 Bd3 20. Qc1 Qc4 21. f3 g5 22. g4 Re6 23. Qd2 Rae8 24. Rac1 Bg6 25. Bb4 Qb3 26. Rc3 Qa4 27. Rc5 Qb3 28. Kf2 Nd7 29. Rc3 Qa4 30. Qd1 Qb5 31. Bf1 Qb8 32. Kg1 f5 33. gxf5 Bxf5 34. e4 g4 35. e5 gxf3 36. Rxf3 Be4 37. Rg3+ Bg6 38. Bd3 Kh7 39. Bxg6+ Rxg6 40. Rxg6 Kxg6 41. Qg4+ 1-0

[Event "VAM Hoogeveen op"]
[Site "Hoogeveen"]
[Date "1998.10.17"]
[Round "2"]
[White "Van Engen, Herman J"]
[Black "Ligterink, Gert"]
[Result "0-1"]
[WhiteElo "2135"]
[BlackElo "2425"]
[PlyCount "90"]
[EventDate "1998.09.??"]
[EventType "swiss"]
[EventRounds "9"]
[EventCountry "NED"]
[SourceTitle "EXT 1999"]
[Source "ChessBase"]
[SourceDate "1998.11.16"]
[SourceVersion "1"]
[SourceVersionDate "1998.11.16"]
[SourceQuality "1"]

1. e4 c5 2. Nf3 e6 3. d4 cxd4 4. Nxd4 Nc6 5. Nc3 d6 6. g4 Nge7 7. Be3 a6 8. a4 Nxd4 9. Qxd4 Nc6 10. Qd1 Be7 11. Be2 0-0 12. 0-0 b6 13. f4 Qc7 14. g5 Rd8 15. Bd3 Nb4 16. Rf3 d5 17. Bd2 dxe4 18. Nxe4 Nxd3 19. cxd3 Bb7 20. Qe1 Qc2 21. Rc1 Qxa4 22. Rh3 Qd4+ 23. Nf2 Qd5 24. Ne4 Bc5+ 25. Kf1 Qf5 26. Rg3 Rxd3 27. Rxc5 Qxe4 28. Rc3 Qxe1+ 29. Kxe1 Rd7 30. Rgd3 Rxd3 31. Rxd3 Bd5 32. Rc3 a5 33. Rc7 a4 34. Bb4 h6 35. h4 hxg5 36. hxg5 Re8 37. Ra7 b5 38. Kf2 e5 39. Rd7 Be6 40. Rb7 exf4 41. Rxb5 Bg4 42. Bd6 Re2+ 43. Kf1 f3 44. Kg1 f2+ 45. Kg2 Bh3+ 0-1

[Event "VAM Hoogeveen op"]
[Site "Hoogeveen"]
[Date "1998.10.16"]
[Round "1"]
[White "Ligterink, Gert"]
[Black "Wunnink, Michael"]
[Result "0-1"]
[WhiteElo "2425"]
[BlackElo "2105"]
[PlyCount "128"]
[EventDate "1998.09.??"]
[EventType "swiss"]
[EventRounds "9"]
[EventCountry "NED"]
[SourceTitle "EXT 1999"]
[Source "ChessBase"]
[SourceDate "1998.11.16"]
[SourceVersion "1"]
[SourceVersionDate "1998.11.16"]
[SourceQuality "1"]

1. d4 Nf6 2. c4 e6 3. Nf3 b6 4. a3 Ba6 5. Qc2 Bb7 6. Nc3 c5 7. dxc5 Bxc5 8. Bg5 0-0 9. e3 Be7 10. Be2 d6 11. 0-0 Nbd7 12. Rfd1 a6 13. b4 Qc7 14. Rac1 Rfc8 15. Qb1 Qb8 16. Bf4 h6 17. Nd2 Bc6 18. Nde4 Qb7 19. Bf3 Nxe4 20. Nxe4 d5 21. cxd5 Bxd5 22. Nd6 Bxd6 23. Bxd5 exd5 24. Bxd6 Rc4 25. Bf4 Rac8 26. Rxc4 dxc4 27. Qf5 Nf8 28. Be5 Ne6 29. Bc3 Qe7 30. h4 Rd8 31. Rxd8+ Qxd8 32. h5 Qd1+ 33. Kh2 Qd6+ 34. f4 b5 35. Qe4 Qd8 36. Qe5 Qh4+ 37. Kg1 Qg4 38. Qd5 Qe2 39. Qe5 Qd1+ 40. Kh2 Qg4 41. f5 Nf8 42. f6 Qh4+ 43. Kg1 Qxf6 44. Qxf6 gxf6 45. Bxf6 Nd7 46. Bd4 f5 47. e4 fxe4 48. Kf2 Kf7 49. Ke3 Nf6 50. Kf4 Nxh5+ 51. Kxe4 Ke6 52. Be5 Nf6+ 53. Kd4 h5 54. Bg3 Nd7 55. Bc7 Nf6 56. Bg3 Kf5 57. a4 Ne4 58. axb5 axb5 59. Bc7 Nd2 60. Bb8 Nb3+ 61. Ke3 Ke6 62. Ke4 Nc1 63. Kd4 Na2 64. Kc5 Kf5 0-1

[Event "NED-chT"]
[Site "Netherlands"]
[Date "1998.??.??"]
[Round "?"]
[White "Ligterink, Gert"]
[Black "Kohlweyer, Bernd"]
[Result "0-1"]
[WhiteElo "2435"]
[BlackElo "2430"]
[PlyCount "56"]
[EventDate "1998.??.??"]
[EventType "team"]
[EventRounds "9"]
[EventCountry "NED"]
[SourceTitle "EXT 2007"]
[Source "ChessBase"]
[SourceDate "2006.11.23"]
[SourceVersion "1"]
[SourceVersionDate "2006.11.23"]
[SourceQuality "1"]

1. d4 d5 2. c4 c6 3. Nc3 dxc4 4. e4 b5 5. a4 b4 6. Nb1 Ba6 7. Nf3 e6 8. Nbd2 c3 9. bxc3 bxc3 10. Nc4 Nf6 11. Bg5 Nbd7 12. e5 Bxc4 13. Bxc4 Qa5 14. 0-0 Nd5 15. Qd3 h6 16. Be3 N7b6 17. Bb3 Rc8 18. Qe4 Be7 19. Qg4 g6 20. h4 Nb4 21. h5 g5 22. Qe4 Qa6 23. Rad1 N6d5 24. Bc2 Qc4 25. Nh2 Qe2 26. Rc1 Nxc2 27. Rxc2 Qxh5 28. Rb1 Qg6 0-1

[Event "NED-chT"]
[Site "Netherlands"]
[Date "1998.??.??"]
[Round "?"]
[White "Van Mil, Johan"]
[Black "Ligterink, Gert"]
[Result "1-0"]
[WhiteElo "2435"]
[BlackElo "2435"]
[PlyCount "79"]
[EventDate "1998.??.??"]
[EventType "team"]
[EventRounds "9"]
[EventCountry "NED"]
[SourceTitle "EXT 2007"]
[Source "ChessBase"]
[SourceDate "2006.11.23"]
[SourceVersion "1"]
[SourceVersionDate "2006.11.23"]
[SourceQuality "1"]

1. e4 c5 2. Nf3 e6 3. d3 d5 4. Qe2 Ne7 5. g3 Nbc6 6. h4 e5 7. c3 Bg4 8. Bh3 Bxh3 9. Rxh3 Qd7 10. Rh1 0-0-0 11. Be3 d4 12. cxd4 cxd4 13. Bd2 Kb8 14. Kf1 Nc8 15. Kg2 Nb6 16. a4 a5 17. Na3 Bxa3 18. Rxa3 f6 19. Qe1 Rc8 20. Bxa5 Nxa5 21. Qxa5 Qc6 22. Nd2 Nd7 23. Nc4 Qe6 24. Rb3 Rc6 25. Rb5 Rhc8 26. Qb4 R8c7 27. Ra1 Nc5 28. Na5 Nxd3 29. Rxb7+ Kc8 30. Rb8+ Kd7 31. Qb5 Nf4+ 32. gxf4 Qg4+ 33. Kf1 Qh3+ 34. Ke1 Qh1+ 35. Kd2 Qxe4 36. Nxc6 Qxf4+ 37. Ke2 Qe4+ 38. Kd2 Qf4+ 39. Kc2 Rxc6+ 40. Kb3 1-0

[Event "Leeuwarden op"]
[Site "Leeuwarden"]
[Date "1997.??.??"]
[Round "5"]
[White "Hartoch, Robert G"]
[Black "Ligterink, Gert"]
[Result "1/2-1/2"]
[WhiteElo "2315"]
[BlackElo "2450"]
[PlyCount "72"]
[EventDate "1997.11.08"]
[EventType "swiss"]
[EventRounds "9"]
[EventCountry "NED"]
[SourceTitle "EXT 1999"]
[Source "ChessBase"]
[SourceDate "1998.11.16"]
[SourceVersion "1"]
[SourceVersionDate "1998.11.16"]
[SourceQuality "1"]

1. Nf3 g6 2. g3 Bg7 3. d4 Nf6 4. Bg2 0-0 5. 0-0 d6 6. Nbd2 Nc6 7. e4 e5 8. dxe5 dxe5 9. b3 Qe7 10. a4 Rd8 11. Ba3 Qe8 12. Qe2 Bg4 13. c3 Rxd2 14. Qxd2 Nxe4 15. Qe3 Nxc3 16. Bb2 e4 17. Rfe1 Nd5 18. Qd2 Bxb2 19. Qxb2 Ndb4 20. Re3 Bxf3 21. Bxf3 f5 22. Be2 Qe5 23. Qxe5 Nxe5 24. Rd1 c6 25. Bc4+ Kf8 26. Rd6 Re8 27. f4 Nxc4 28. bxc4 Nd3 29. Rd7 Re7 30. Rd8+ Kf7 31. a5 Nc5 32. Kf2 Ke6 33. Ra3 Rd7 34. Rxd7 Kxd7 35. Ke3 Kd6 36. Ra1 h5 1/2-1/2

[Event "Groningen GAM"]
[Site "Groningen"]
[Date "1997.??.??"]
[Round "2"]
[White "Hoeksema, Hendrik Pieter"]
[Black "Ligterink, Gert"]
[Result "1-0"]
[WhiteElo "2400"]
[BlackElo "2450"]
[PlyCount "45"]
[EventDate "1997.??.??"]
[EventType "tourn"]
[EventRounds "3"]
[EventCountry "NED"]
[SourceTitle "EXT 2002"]
[Source "ChessBase"]
[SourceDate "2001.11.25"]
[SourceVersion "1"]
[SourceVersionDate "2001.11.25"]
[SourceQuality "1"]

1. e4 e5 2. Nf3 Nc6 3. d4 exd4 4. c3 dxc3 5. Nxc3 Bb4 6. Bc4 d6 7. Qb3 Bxc3+ 8. Qxc3 Nf6 9. b4 Qe7 10. 0-0 0-0 11. Bb2 a6 12. Rfe1 Re8 13. Rac1 Ne5 14. Bb3 c6 15. Nd4 Qc7 16. Qg3 Qb6 17. Bc3 Bd7 18. Rcd1 Bg4 19. f3 Be6 20. Kh1 c5 21. Nxe6 fxe6 22. f4 Neg4 23. e5 1-0

[Event "VAM Hoogeveen op"]
[Site "Hoogeveen"]
[Date "1997.??.??"]
[Round "1"]
[White "Hofman, Ron"]
[Black "Ligterink, Gert"]
[Result "0-1"]
[WhiteElo "2230"]
[BlackElo "2450"]
[PlyCount "46"]
[EventDate "1997.10.??"]
[EventType "swiss"]
[EventRounds "9"]
[EventCountry "NED"]
[SourceTitle "CBM 060 Extra"]
[Source "ChessBase"]
[SourceDate "1997.11.04"]
[SourceVersion "1"]
[SourceVersionDate "1997.11.04"]
[SourceQuality "1"]

1. d4 Nf6 2. c4 e6 3. a3 d5 4. Nc3 c6 5. e3 Nbd7 6. Nf3 Bd6 7. Qc2 0-0 8. Be2 e5 9. cxd5 cxd5 10. Nb5 Bb8 11. dxe5 Nxe5 12. Bd2 Ne4 13. Nbd4 Re8 14. 0-0 a6 15. Rac1 Nxf3+ 16. Nxf3 Bg4 17. Bb4 Qf6 18. Bc3 Qh6 19. g3 Bh3 20. Rfd1 Nxf2 21. Kxf2 Qxe3+ 22. Ke1 Qxf3 23. Be5 Qg2 0-1